01170cam a22002771a 4500001001300000003000400013005001700017008004100034010001700075035001800092040005400110043001200164050001700176082001100193100003500204245008800239260003800327300006900365440003900434500010100473500009500574504003000669500002000699651003100719700014200750gs 65000321 DLC20260227111417.0720121s1966 dcuab b f001 0 eng c ags 65000321  a(OCoLC)225274 aU.S. Geol. Survey. Libr.cOYesAdOCoLCdMnHidDLC an-us---00aE179.5b.V34 a911.731 aVan Zandt, Franklin K.,d1903-10aBoundaries of the United States and the several states /cby Franklin K. Van Zandt. aWashington :bU.S. G.P.O.,c1966. a291 p., 1 folded leaf of plates :bill., maps (1 col.) ;c23 cm. 0aGeological Survey bulletin ;v1212 a"With miscellaneous geographic information concerning areas, altitudes, and geographic centers." a"A revision of U.S. Geological Survey bulletin 817, by Edward M. Douglas, issued in 1930." aBibliography: p. 275-284. aIncludes index. 0aUnited StatesxBoundaries.1 aDouglas, Edward Morehouse,d1855-1932.tBoundaries, areas, geographic centers, and altitudes of the United States and the several states.